Score 0/18 Timer 02:00
1 Play Today
Hint 4-letter word % Correct
Double twoFOUR
98.6%
Odd number below sixFIVE
95.1%
___ and needlesPINS
92.8%
Belonging to meMINE
92.1%
CreateMAKE
91.8%
Not genuineFAKE
91.8%
Monetary penaltyFINE
91.7%
Three squaredNINE
91.3%
Former WBC Heavyweight champion TysonMIKE
91.2%
Hint 4-letter word % Correct
Discharge a gunFIRE
91.1%
Car freshener scentPINE
91%
Top choice, informallyFAVE
85.7%
Added to, along withPLUS
81.3%
Lip-puckeringSOUR
80.5%
Papal name chosen 12 timesPIUS
77.7%
Reddish-purple colorPLUM
76.8%
Squalid urban areaSLUM
76.5%
Pronounce indistinctlySLUR
75.6%

Today's Daily Dose

Remove Ads.
Support Sporcle.
Get the best of Sporcle when you Go Orange. This ad-free experience offers more features, more stats, and more fun while also helping to support Sporcle. Thank you for becoming a member.

You're not logged in!

Compare scores with friends on all Sporcle quizzes.
OR
Log In

Show Comments

Extras

Top Quizzes Today


Score Distribution

Your Account Isn't Verified!

In order to create a playlist on Sporcle, you need to verify the email address you used during registration. Go to your Sporcle Settings to finish the process.

Report this User

Report this user for behavior that violates our Community Guidelines.

Details: